000 00514nam a22001817a 4500
005 20251108172129.0
008 250721s1985 xx 000 0 ara d
082 1 4 _aط/ق/جوز
100 1 _aمسعود، جوزفين
245 1 0 _aو طلع الصباح :
_bقصص من روائع الشرق /
250 _aط3
264 1 _aبيروت :
_bبيت الحكمة،
_c1985.
300 _a112ص
650 1 7 _aأدب الأطفال
700 1 _aأسمر، مرغريت
942 _2ddc
_cBK
999 _c71192
_d71192